| 000 | 00961cam a22002054a 4500 | ||
|---|---|---|---|
| 005 | 20250605164130.0 | ||
| 008 | 250528s ||||||||||||||||||||||||d | ||
| 035 | _a18622 | ||
| 020 | _a500277702 | ||
| 040 |
_aGR-AtMCL _bgre _dGR-AtMCL _eAACR2 |
||
| 245 | 1 | _aThe Graphic Language of Neville Broody 2 | |
| 260 | _c1994 | ||
| 300 | _a176 | ||
| 520 | _aA wide-ranging and forceful introduction to the period of change that has barely begun to take its full course. Introduction, Graphic Arts Message, Mac Lab, Interview, Rio Earth Summit, Wire, Nike, Fuse, Dutch PTT, Font Shop, Font Font, Dirty Faces, FF Blur, Vienna Exhibition, Records and CD, Point to Line and Plane, Parco, Bonn, Actual, Arena, Skin Deep, Film Posters, The Body Shop, Greenpeace, ORF, Premiere, Men's Bigi, Global Force, Digitalogue, Acknowledgements. | ||
| 700 | 1 |
_aThames And Hudson _92417 |
|
| 700 | 1 |
_aWozencroft Jon _94889 |
|
| 942 | _cBK | ||
| 999 |
_c3970 _d3970 |
||